000 00440nam a2200181Ia 4500
005 20240823061603.0
008 240823s9999||||xx |||||||||||||| ||und||
041 _aENGLISH
082 _A331.714 N4
100 _aDasari.S
245 0 _aManagerial Economics of Electricity Supply
250 _a1st
260 _c1994
_b"BJRM ,New Delhi"
500 _aYES
650 _aManagement
_bManagement Studies
942 _cBK
999 _c233877
_d233877